000 01307cam a22002651 4500
001 af 47001217
003 DLC
005 20260227110807.0
008 800328s1943 gw 000 0 ger c
010 _aaf 47001217
035 _a(OCoLC)6141405
040 _aHarvard Univ. Library
_cNSbSU
_dDLC
042 _apremarc
050 0 0 _aPT2638.A56
_bR4
082 _a834.91
100 1 _aSchaffner, Jakob,
_d1875-1944.
245 1 4 _aDas Reich in uns.
260 _aBerlin,
_bVerlag Grenze und ausland gmbh
_c[1943]
300 _a203 p.
_c21 cm.
490 0 _aSchriftenreihe der zeitschrift Deutsche arbeit, hrsg. von Dorothea Goedicke.
_vBd. 4
500 _a"Sammlung von reden und aufsätzen aus drei jahrzehnten."--Zum geleit.
505 0 _aDas heute: Die neue rune. Zwiesprache mit den jungen. Die frauen. Über kultur. Über ehrfurcht. Was wird sein? Unter dem gesetz. Starke und schöne dinge. Leben aus dem tod. Von der macht. Der sinn. Zur nation gereift. Die toten stehen auf. Von der urkraft. Die innere linie. Der habicht.--Der weg 1917 bis 1940: Der grosse austrag 1917. Die deutsche auferstehung 1919. Entscheidung. Von der landschaft 1933. Heimat in der dichtung. Vom wesen der deutschen reichsidee 1941.
651 0 _aGermany
_xHistory
_y1918-1933.
651 0 _aGermany
_xHistory
_y1933-1945.
999 _c1162
_d1162